00882nam a2200229 a 4500001001000000003000500010005001700015008004100032010001100073011001100084040000900095100002900104245012200133260004100255500006000296502006600356650003400422650005500456650004600511650002500557856007000582000112222CHAP20220329144251.0160115s2015 mx |sm |||||||spa d a108683 a109655 cCHAP1 aDíaz Morales, Andrés10aCreación y permanencia de las empresas rurales en el Estado de Méxicoh[En línea]cpor Andrés Díaz Morales. aChapingo, Méx. :bEl autor,c2015. aPara ver el contenido del material haga clic en la liga aTesis (M. C. en Estrategia Agroempresarial) -- UACH. CIESTAAM14aAdministración de empresas.14aDesarrollo de la comunidad ruralzMéxico (Edo.).14aEmpleo ruralxAspectos socioeconómicos.14aEmpresas pequeñas. aFinding aiduhttp://10.13.5.2/tesis/sist112222.pdfzTeclea aquí